Tripalium : Lucas Ubach Lucas Ubach
Descripción Física:
1 targeta postal ; il. col. ; 11 x 15 cm.
Colección:
Teatre - Factoria IT 17/18
Idioma:
Catalán
MARC
| LEADER | 00000nkm a22000007a 4500 | ||
|---|---|---|---|
| 001 | 27267 | ||
| 003 | Arxiu | ||
| 005 | 20260324181150.0 | ||
| 008 | 230116b spa||||| |||| 00| 0 cat d | ||
| 017 | |a B 18752-2018 | ||
| 040 | |a agdb |b cat | ||
| 245 | |a Tripalium : |b Lucas Ubach | ||
| 260 | |a Barcelona : |b Institut del Teatre ; |c 2018 | ||
| 300 | |a 1 targeta postal ; |b il. col. ; |c 11 x 15 cm. | ||
| 490 | |a Teatre - Factoria IT 17/18 | ||
| 500 | |a Postal de l'espectacle teatral "Tripalium" presentat el dia 12 de juliol de 2018, al Teatre Estudi de l'Institut del Teatre. | ||
| 650 | 0 | |9 21513 |a Teatre |x Barcelona (Catalunya) | |
| 655 | 0 | |9 52685 |a Targetes postals | |
| 710 | 1 | |9 52662 |a Institut del Teatre (Barcelona, Catalunya) | |
| 942 | |2 udc |c ARXIU |n 1 | ||
| 952 | |0 0 |1 0 |2 udc |4 0 |6 NBM16187 |7 1 |9 65039 |a Arxiu |b Arxiu |d 2023-01-16 |l 0 |o NBM-16-187 |p 27267 |r 2023-01-16 00:00:00 |w 2023-01-16 |y ARXIU | ||
| 999 | |c 82969 |d 82969 | ||